• 首页
  • 本馆介绍
  • 公告通知
  • 最新文献
  • 馆藏检索
  • 电子资源
  • 读者导购
  • 参考咨询
  • 我的图书馆
  • 登录
  • 详细信息显示
  • 放入我的书架
  • 预约/预借图书
  • 作者相关作品
  • 分类相关作品
  • 丛书相关作品
  • 出版社相关作品

书目信息

  • 表格格式
  • 工作单格式
  • 卡片格式
题名:
大学体育与健康
    
 
作者: 黄少罗 主编
分册:  
出版信息: 西安   陕西人民出版社  2003
页数: 479页
开本: 20cm
丛书名:
单 册:
中图分类: G806
科图分类:
主题词: 体育理论
电子资源:
ISBN: 7-224-06216-2
000 00546nam0 2200193 450
001 0662359124
005 20061011172005.21
010    @a7-224-06216-2@dCNY18.80
100    @a20061011d2003 km y0chiy0120 ea
101 0  @achi
102    @aCN@b610000
200 1  @a大学体育与健康@Ada xue ti yu yu jian kang@f黄少罗主编@Fhuang shao luo zhu bian
210    @a西安@c陕西人民出版社@d2003
215    @a479页@d20cm
606 0  @a体育理论
690    @aG806@v3
701  0 @a黄少罗@Ahuang shao luo@4主编
801  0 @aCN@bPFT@c20061011
905    @a10447@dG806@e184
    
    大学体育与健康/黄少罗主编.-西安:陕西人民出版社,2003
    479页;20cm
    
    
    ISBN 7-224-06216-2:CNY18.80
    
●
相关链接 在E读中查询图书 在五车中查询图书 在当当中查询图书 在豆瓣中查询图书


正题名:大学体育与健康     索取号:G806/184         预约/预借

序号 登录号 条形码 馆藏地/架位号 状态 备注
1 0501601   205016016   第一样本阅览室/ [索取号:G806/184] 在馆    
唐山师范学院图书馆 欢迎您!
大连网信软件有限公司© 版权所有